000 01273nam0a2200349 4500
001 RU\NLR\bibl\1324626
005 20250615161814.0
010 _a978-5-486-02416-0
_bв пер.
_911000
021 _aRU
_b2008-98308
_95769
035 _a(nilc)RSL-KNO-004156811
035 _a(NLR Aleph) 001309939
090 _a673084
_c673084
100 _a20081208d2008 |||y0rusy50 ca
101 1 _arus
_cspa
102 _aRU
105 _aa |||||||||
200 1 _aЧто я знаю о себе
_e[для детей старшего дошкольного возраста
_fпер. с исп. Е. С. Каплуненко]
210 _aМосква
_cМир книги
_d2008
215 _a[47] с.
_cцв. ил.
_d25
225 1 _aЗнай-ка!
_eновая энциклопедия дошкольника
300 _aВ макете загл. сер.: Новая энциклопедия дошкольника "Зна-ка!"
610 0 _aДетская литература
686 _aШ9:Я20(2)
_2rubbk
686 _aШ9
_bЯ20
702 1 _aКаплуненко
_bЕ. С.
_4730
801 0 _aRU
_bРКП
_c20081208
_grcr
801 1 _aRU
_bРГБ
_c20081208
801 2 _aRU
_bNLR
_c20090623
_grcr
942 _cBOOK
980 _aNB